World Cup 2022 Stadiums - Statistics

General Stats
  • This quiz has been taken 4 times
  • The average score is 3 of 8
Answer Stats
Capacity Answer % Correct
88,966 Lusail Stadium
100%
68,895 Al Bayt Stadium
50%
44,325 Al Janoub Stadium
50%
45,032 Ahmad Bin Ali Stadium
25%
44,400 Al Thumama Stadium
25%
44,667 Education City Stadium
25%
45,857 Khalifa International Stadium
25%
44,089 Stadium 974
25%
No matching quizzes found
Score Distribution
Percent of People with Each Score
Percentile by Number Answered
Your Score History
You have not taken this quiz